MARC

Tag First Indicator Second Indicator Subfields
LEADER 00000cam a2200000 a 4500
001 in00000086598
005 20151008064606.0
008 780127s1977 iluk 00010 eng d
010 |a  77084121  
020 |a 0910170010 
035 |a (OCoLC)03585054 
035 |9 AAK4459AM 
040 |a GSU  |c GSU  |d m.c.  |d TXA  |d UtOrBLW 
049 |a TXAM  |c [1655329] 
090 |a LB2830  |b .S4 1977 
100 1 |a Sizoo, Richard J. 
245 1 0 |a Guidelines to student activity fund accounting /  |c prepared by Richard J. Sizoo and Cliff Nugent and the members of the ASBO Research Committee on Student Activity Fund Accounting. 
250 |a Rev., updated. 
264 1 |a Chicago, Ill. :  |b Research Corporation of ASBO,  |c 1977. 
300 |a 40 pages :  |b forms ;  |c 23 cm. 
336 |a text  |b txt  |2 rdacontent 
337 |a unmediated  |b n  |2 rdamedia 
338 |a volume  |b nc  |2 rdacarrier 
490 1 |a Research bulletin / Association of School Business Officials of the United States and Canada, Research Corporation ;  |v no. 17 
650 0 |a Student activities  |x Accounting. 
650 0 |a Student activities  |x Finance. 
700 1 |a Nugent, Cliff. 
710 2 |a Association of School Business Officials of the United States and Canada.  |b Research Committee on Student Activity Fund Accounting. 
830 0 |a Research bulletin (Association of School Business Officials of the United States and Canada. Research Corporation) ;  |v no. 17. 
999 |a MARS 
999 f f |s f5f81ef0-44fd-35f2-ae37-47585a4f5e20  |i a010280b-91a9-3946-8a29-bb99edd80686  |t 0 
952 f f |p ric  |a Texas A&M University  |b Rellis Campus  |c Joint Library Facility  |d Remote Storage  |t 0  |e LB2830 .S4 1977  |h Library of Congress classification  |i unmediated -- volume  |m A14806162344 
998 f f |a LB2830 .S4 1977  |t 0  |l Remote Storage